Necessity of Redemption (Record no. 5767)

MARC details
000 -LEADER
fixed length control field 00612nam a2200241 a 4500
020 ## - INTERNATIONAL STANDARD BOOK NUMBER
ISBN
082 00 - DEWEY DECIMAL CLASSIFICATION NUMBER
Classification number 234.5
Author Cutter HAR
100 ## - MAIN ENTRY--AUTHOR NAME
Author name Hartill, Percy
245 ## - TITLE STATEMENT
Title Necessity of Redemption
Sub title Study in the Significanese of the Atonement
260 ## - PUBLICATION, DISTRIBUTION, ETC. (IMPRINT)
Place of publication London
Name of publisher Longmans, Green and Co
Year of publication 1927
300 ## - PHYSICAL DESCRIPTION
Number of Pages 121p
500 ## - GENERAL NOTE
General note includes index and biblioraphy
505 2# - FORMATTED CONTENTS NOTE
Formatted contents note Index.
650 ## - SUBJECT ADDED ENTRY--TOPICAL TERM
Topical Term Atonement
942 ## - ADDED ENTRY ELEMENTS (KOHA)
Koha item type Books
700 1# -
-- Hartill, Percy
Holdings
Home library Current library Date acquired Cost, normal purchase price Full call number Accession Number Koha item type
Henry Martyn Institute Library Henry Martyn Institute Library 06/20/2007 100.00 234.5 HAR 9130 Archive Book
                   Copyright © 2026 | Henry Martyn Institute | Hyderabad | TS-500052 | INDIA | Implemented by hmi.edu.in
Hit-Count:

Powered by Koha